[Event "Moscow Region Spring-B"]
[Site "Serpukhov"]
[Date "2011.05.03"]
[Round "6"]
[White "Shishkin, Alexander"]
[Black "Filippov, Viacheslav"]
[Result "1-0"]
[WhiteElo "2017"]
[BlackElo "1867"]
[PlyCount "79"]
[EventDate "2011.04.30"]
[EventType "tourn"]
[EventRounds "9"]
[EventCountry "RUS"]
[SourceTitle "EXT 2022"]
[Source "ChessBase"]
[SourceDate "2021.10.06"]
[SourceVersion "1"]
[SourceVersionDate "2021.10.06"]
[SourceQuality "1"]

1. d4 f5 2. c4 e6 3. g3 Nf6 4. Bg2 c6 5. Nf3 d5 6. b3 Bd6 7. 0-0 Qe7 8. Bf4 Nbd7 9. Nc3 0-0 10. Qd3 b6 11. Ne5 Bb7 12. Rac1 Rac8 13. cxd5 exd5 14. Qxf5 Bxe5 15. dxe5 Ne8 16. Qh3 Nxe5 17. Nxd5 cxd5 18. Rxc8 Bxc8 19. Qxc8 Nf6 20. Qc3 Ned7 21. Be3 Ne4 22. Qd4 Ndf6 23. Rc1 Rd8 24. h3 Re8 25. Rc2 Kf8 26. Bf4 Nc5 27. Qb4 Nfe4 28. Be3 Kg8 29. Bxe4 Nxe4 30. Qxe7 Rxe7 31. Bd4 Kf7 32. Kg2 Nd6 33. e3 Nf5 34. Rd2 Rd7 35. Bb2 Ne7 36. e4 g6 37. Ba3 d4 38. Bxe7 Kxe7 39. f4 Ke6 40. Kf3 1-0